5HLuxD.jpg

KING HENRY VIII SENIOR AND PRIMARY SCHOOL LIBRARY OPAC

Hedda Gabler / (Record no. 2989)

000 -LEADER
fixed length control field 00942cam a2200289 a 4500
001 - CONTROL NUMBER
control field 016145111
003 - CONTROL NUMBER IDENTIFIER
control field UkOxU
005 - DATE AND TIME OF LATEST TRANSACTION
control field 20230914110535.0
008 - FIXED-LENGTH DATA ELEMENTS--GENERAL INFORMATION
fixed length control field 041109s2005 enk 000 d eng
015 ## - NATIONAL BIBLIOGRAPHY NUMBER
National bibliography number GBA488200
Source bnb
020 ## - INTERNATIONAL STANDARD BOOK NUMBER
International Standard Book Number 1854598422 (pbk.)
020 ## - INTERNATIONAL STANDARD BOOK NUMBER
International Standard Book Number 9781854598424
035 ## - SYSTEM CONTROL NUMBER
System control number (Uk)013059083
035 ## - SYSTEM CONTROL NUMBER
System control number (UkOxU)UkOxUw13334668
040 ## - CATALOGING SOURCE
Original cataloging agency StDuBDS
Language of cataloging eng
Transcribing agency StDuBDS
Modifying agency Uk
-- KH8
041 1# - LANGUAGE CODE
Language code of text/sound track or separate title eng
Language code of original nor
042 ## - AUTHENTICATION CODE
Authentication code ukblsr
082 04 - DEWEY DECIMAL CLASSIFICATION NUMBER
Classification number 839.822 IBS
Edition number 22
100 1# - MAIN ENTRY--PERSONAL NAME
Personal name Ibsen, Henrik,
Dates associated with a name 1828-1906,
Relator term author.
240 10 - UNIFORM TITLE
Uniform title Hedda Gabler.
Language of a work English
245 10 - TITLE STATEMENT
Title Hedda Gabler /
Statement of responsibility, etc. Henrik Ibsen ; in a new version by Richard Eyre ; from a literal translation by Karin and Ann Bamborough ; with an introduction by Richard Eyre.
260 ## - PUBLICATION, DISTRIBUTION, ETC.
Place of publication, distribution, etc. London :
Name of publisher, distributor, etc. Nick Hern,
Date of publication, distribution, etc. 2005.
300 ## - PHYSICAL DESCRIPTION
Extent 95 p. ;
Dimensions 20 cm.
650 #0 - SUBJECT ADDED ENTRY--TOPICAL TERM
Topical term or geographic name entry element Women
Geographic subdivision Europe
General subdivision Social conditions
Chronological subdivision 19th century
Form subdivision Drama.
700 1# - ADDED ENTRY--PERSONAL NAME
Personal name Eyre, Richard,
Dates associated with a name 1943-
942 ## - ADDED ENTRY ELEMENTS (KOHA)
Source of classification or shelving scheme
Koha item type Teaching Resources
Holdings
Withdrawn status Lost status Source of classification or shelving scheme Damaged status Not for loan Collection code Permanent Location Current Location Shelving location Date acquired Full call number Barcode Date last seen Price effective from Koha item type Total Checkouts Date due Date last checked out
          Teaching Resources KH8 Senior School Library KH8 Senior School Library Staff Office 2023-09-14 839.822 IBS TRKHSL003165 2023-09-14 2023-09-14 Teaching Resources      
          Teaching Resources KH8 Senior School Library KH8 Senior School Library Staff Office 2023-09-14 839.822 IBS TRKHSL003166 2023-09-14 2023-09-14 Teaching Resources      
          Teaching Resources KH8 Senior School Library KH8 Senior School Library Staff Office 2023-09-14 839.822 IBS TRKHSL003167 2023-09-14 2023-09-14 Teaching Resources      
          Teaching Resources KH8 Senior School Library KH8 Senior School Library Staff Office 2023-09-14 839.822 IBS TRKHSL003168 2023-09-14 2023-09-14 Teaching Resources      
          Teaching Resources KH8 Senior School Library KH8 Senior School Library Staff Office 2023-09-14 839.822 IBS TRKHSL003169 2025-08-28 2023-09-14 Teaching Resources 2 2026-07-03 2025-08-28
          Teaching Resources KH8 Senior School Library KH8 Senior School Library Staff Office 2023-09-14 839.822 IBS TRKHSL003170 2023-09-14 2023-09-14 Teaching Resources      

Powered By KH8 IT Dept